000 00598 a2200181 4500
999 _c4970
_d4970
020 _a9780340885314
050 _aQA135.5 SYK 2004
100 _aSykes, John
_eauthor
245 _aAS Pure Mathematics :
_b C1, C2 [i.e. Core 1 and 2 /
_cJohn Sykes, Val Hanrahan, Peter Secker.
264 _aLondon :
_bHodder Murray,
_c 2004.
300 _a1 online resource (vii, 348 pages) : illustrations.
500 _alncludes index
650 _aMathematics -- Textbooks.
650 _a MATHEMATICS -- Pre-Calculus.
700 _aVal Hanrahan
700 _a Peter Secker
942 _2lcc
_cBK
_h135.5
_iSYK
_kQA